A história (Registo nº 3456)

Detalhes MARC
000 -Etiqueta do registo
Cabeçalho 00811nam a22002891 4500
005 - Identificador da versão
Campo de controlo 20240829164955.0
010 ## - Número internacional normalizado dos livros (ISBN)
Número (ISBN) 9726100127
021 ## - Número do Depósito Legal
Código do país PT
Número 108118/97
100 ## - Dados gerais de processamento
Dados gerais de processamento 20001208d2000 cd y0pory500305 ba
101 1# - Língua de publicação
Língua do texto, banda sonora, etc. Português
Língua do documento no original Francês
102 ## - Pais de publicação ou produção
País de publicação Portugal
105 ## - Campo de dados codificados: livros
Dados codificados dos livros a f 001yy
106 ## - Campo de dados codificados: material textual
Dados codificados do material textual r
200 1# - Titulo e menção de responsabilidade
Título próprio A história
Primeira menção de responsabilidade Dominique Joly
Outras menções de responsabilidade il. Anne Boyer... [et al.]
-- trad. Joana Caspurro
205 ## - Menção da edição
Menção da edição 3ª ed
210 ## - Publicação, Distribuição, etc. 
Lugar da edição, distribuição, etc. Porto
Nome do editor, distribuidor, etc. Campo das Letras
Data da publicação, distribuição, etc. 2000
215 ## - Descrição física 
Indicação específica da natureza do documento e extensão da espécie 119, [1] p.
Outras indicações físicas il.
Dimensões 19 cm
225 2# - Colecção 
Título próprio da colecção A minha primeira enciclopédia Larousse
Indicação de volume 3
304 ## - Notas relativas a título e menção de responsabilidade 
Texto da nota Tít. orig.: L'histoire
606 ## - Nome comum usado como assunto
Número de registo de entrada de autoridade 0001728
Palavra de ordem História
675 ## - Classificação Decimal Universal (CDU)
Notação 93
Edição
Língua da edição por
700 #1 - Nome de autor-pessoa física (responsabilidade principal)
Número de registo de entrada de autoridade 0002784
Palavra de ordem Joly
Outra parte do nome não tomada para palavra de ordem Dominique
702 #1 - Nome de autor-pessoa física (responsabilidade secundária)
Número de registo de entrada de autoridade 0002785
Palavra de ordem Boni
Outra parte do nome não tomada para palavra de ordem Simone
Código de função Ilustrador / Técnico de desenho computorizado
Número de registo de entrada de autoridade 0001559
Palavra de ordem Caspurro
Outra parte do nome não tomada para palavra de ordem Joana
Código de função Tradutor
942 ## - Elementos de entrada adicionados (Koha)
Tipo de item no Koha Livro
Exemplares
Situação do levantamento Origin of item (home branch) (coded) Biblioteca de empréstimo Código de barras Cota Circulation type (not for loan) Tipo de documento Nota do exemplar Damaged status
  Biblioteca Escolar da Coca Maravilhas Biblioteca Escolar da Coca Maravilhas BECM4654/00 9HIS JOL   Livro Sem mensagem